| 000 | 01086nam a2200325 a 4500 | ||
|---|---|---|---|
| 001 | 12772 | ||
| 003 | BD-JhCC | ||
| 005 | 20230511091934.0 | ||
| 008 | 230511s2014 enkaf 000 0aeng | ||
| 020 |
_z9781473605190 _q(E-book) |
||
| 020 | _z978147365176 | ||
| 025 | _aI-E-2014362576 | ||
| 037 | _bLibrary of Congress -- New Delhi Overseas Office | ||
| 040 |
_aDLC _beng _cDLC _erda _dDLC _dBD-JhCC |
||
| 042 |
_alcode _apcc |
||
| 043 | _aa-ii--- | ||
| 050 | 0 | 0 |
_aGV915.T46 _bA3 2014 |
| 082 |
_a796.358092 _bTEN 2014 |
||
| 100 | 1 |
_aTendulkar, Sachin, _d1973- _eauthor. |
|
| 245 | 1 | 0 |
_aPlaying it my way : _bmy autobiography / _cSachin Tendulkar with Boria Majumdar. |
| 264 | 1 |
_aLondon : _bHodder & Stoughton, _c2014. |
|
| 300 |
_ax, 486 pages, 32 unnumbered pages of plates : _bcolor illustrations ; _c24 cm |
||
| 336 |
_atext _btxt _2rdacontent |
||
| 337 |
_aunmediated _bn _2rdamedia |
||
| 338 |
_avolume _bnc _2rdacarrier |
||
| 600 | 1 | 0 |
_aTendulkar, Sachin, _d1973- |
| 650 | 0 |
_aCricket players _zIndia _vBiography. |
|
| 700 | 1 |
_aMajumdar, Boria, _d1976- _eauthor. |
|
| 942 |
_2ddc _cBK |
||
| 999 |
_c12772 _d12772 |
||